[Event "RSA-ch U14 Girls"]
[Site "Waterkloof"]
[Date "2015.04.04"]
[Round "2"]
[White "Saayman, Anais"]
[Black "Moller, Nicole"]
[Result "1-0"]
[WhiteElo "1082"]
[BlackElo "950"]
[PlyCount "77"]
[EventDate "2015.04.04"]
[EventType "swiss"]
[EventRounds "9"]
[EventCountry "RSA"]
[SourceTitle "CBM 166 Extra"]
[Source "ChessBase"]
[SourceDate "2015.06.18"]
[SourceVersion "1"]
[SourceVersionDate "2015.06.18"]
[SourceQuality "1"]

1. e4 e5 2. Nf3 Nc6 3. Bc4 Bc5 4. d3 h6 5. Nc3 Nf6 6. h3 d6 7. a3 0-0 8. 0-0 Be6 9. Nd5 Nd4 10. c3 c6 11. cxd4 cxd5 12. dxc5 dxc4 13. dxc4 Nxe4 14. cxd6 Nxd6 15. Nxe5 Qc7 16. Re1 Rad8 17. Qh5 Nxc4 18. Nxc4 Qxc4 19. Qa5 a6 20. Qc3 Qh4 21. Qg3 Qh5 22. b4 Rd7 23. Bb2 Qg6 24. Qxg6 fxg6 25. Rxe6 Rd2 26. Rb1 Rfxf2 27. Rxg6 Rf7 28. Re1 Kh7 29. Rg4 Kg8 30. Kh2 Rd8 31. Re6 Rd2 32. Bc1 Rdd7 33. Bxh6 Kh7 34. Be3 Kg8 35. Bh6 Kf8 36. Bf4 Rd4 37. Bd6+ Rxd6 38. Rxd6 Ke7 39. Rb6 1-0